Normal view
MARC view
- Siddique Latif
Entry Personal Name
001 - CONTROL NUMBER
- control field: 10066
003 - CONTROL NUMBER IDENTIFIER
- control field: NUST
005 - DATE AND TIME OF LATEST TRANSACTION
- control field: 20180301103335.0
008 - FIXED-LENGTH DATA ELEMENTS
- fixed length control field: 180301|| aca||aabn | a|a d
040 ## - CATALOGING SOURCE
- Original cataloging agency: NUST
- Transcribing agency: NUST
100 ## - HEADING--PERSONAL NAME
- Personal name: Siddique Latif
670 ## - SOURCE DATA FOUND
- Source citation: Work cat.: (NUST): Siddique Latif, Deep learning for emotion classification from speech, 2018
